MARC details
| 000 -LEADER |
| campo de control de longitud fija |
01963nea a2200433 i 4500 |
| 001 - NÚMERO DE CONTROL |
| campo de control |
196752 |
| 003 - IDENTIFICADOR DE NÚMERO DE CONTROL |
| campo de control |
SpMaBN |
| 005 - FECHA Y HORA DE LA ÚLTIMA TRANSACCIÓN |
| campo de control |
20250107182108.0 |
| 007 - CAMPO FIJO DE DESCRIPCIÓN FÍSICA--INFORMACIÓN GENERAL |
| campo de control de longitud fija |
aj aanzn |
| 008 - DATOS DE LONGITUD FIJA--INFORMACIÓN GENERAL |
| campo de control de longitud fija |
241104s1799 fr bdez e fre |
| 016 7# - NÚMERO DE CONTROL DE UNA AGENCIA BIBLIOGRÁFICA NACIONAL |
| Número de control del registro |
bicaBNE20050043412 |
| Número de control cancelado/no válido |
AMER89003730 |
| Fuente |
SpMaBN |
| 034 1# - DATOS MATEMÁTICOS CARTOGRÁFICOS CODIFICADOS |
| Tipo de escala |
a |
| Escala horizontal lineal razón constante |
766284 |
| 035 ## - NÚMERO DE CONTROL DEL SISTEMA |
| Número de control de sistema |
(SpMaBN)bica0000078269 |
| 035 ## - NÚMERO DE CONTROL DEL SISTEMA |
| Número de control de sistema |
(OCoLC)733733933 |
| 035 ## - NÚMERO DE CONTROL DEL SISTEMA |
| Número de control de sistema |
991037196619708606 |
| 040 ## - FUENTE DE CATALOGACIÓN |
| Centro catalogador/agencia de origen |
SpMaBN |
| Lengua de catalogación |
spa |
| Centro/agencia transcriptor |
SpMaBN |
| Normas de descripción |
rdc |
| 080 ## - NÚMERO DE LA CLASIFICACIÓN DECIMAL UNIVERSAL |
| Número de la Clasificación Decimal Universal |
(7) |
| Identificador de la edición |
2015 |
| 245 00 - MENCIÓN DEL TÍTULO |
| Título |
Côte Nord-ouest de l'Amerique |
| Medio |
[Material Cartográfico], |
| Resto del título |
reconnue par le Cap. Vancouver, VI.e. Partie, depuis 50º45' de Latitude Seple. et 219º30' de Longde, jusqu'a 59º56' de Late et 212º8' de longde. |
| 255 ## - DATOS MATEMÁTICOS CARTOGRÁFICOS |
| Mención de escala |
Escala [ca. 1:766.284] |
| 260 ## - PUBLICACIÓN, DISTRIBUCIÓN, ETC. |
| Lugar de publicación, distribución, etc. |
[A Paris] : |
| Nombre del editor, distribuidor, etc. |
[De L'Imprimerie de la République], |
| Fecha de publicación, distribución, etc. |
[1799] |
| 300 ## - DESCRIPCIÓN FÍSICA |
| Extensión |
1 mapa ; |
| Dimensiones |
92 x 65 cm |
| 336 ## - TIPO DE CONTENIDO |
| Término de tipo de contenido |
Imagen (cartográfica ; fija ; bidimensional ; visual) |
| Fuente |
rdacontent |
| 337 ## - TIPO DE MEDIO |
| Nombre/término del tipo de medio |
sin mediación |
| Fuente |
rdamedia |
| 338 ## - TIPO DE SOPORTE |
| Fuente |
rdacarrier |
| Nombre/término del tipo de soporte |
volumen |
| 500 ## - NOTA GENERAL |
| Nota general |
Indica la derrota de los navíos en 1794 con las fechas |
| 501 ## - NOTA DE CON |
| Nota de "Con" |
Inserta: "Plan de Port Chalmers". - Escala [ca. 1:86.133] 2 millas marinas [=4,3 cm] |
| 507 ## - NOTA DE ESCALA PARA MATERIAL GRÁFICO |
| Nota de escala o de fracción representativa |
Escala calculada a partir de 1 grado de latitud |
| 522 ## - NOTA DE ÁMBITO GEOGRÁFICO |
| Nota de ámbito geográfico |
Abarca parte de la costa meridional de Alaska |
| 596 ## - NOTA AL PIE DE IMPRENTA |
| NOTA AL PIE DE IMPRENTA |
Datos y año de edición tomados del atlas en el que se encuentra el mapa |
| 611 20 - PUNTO DE ACCESO ADICIONAL DE MATERIA--NOMBRE DE REUNIÓN/CONGRESO |
| Nombre de congreso/reunión o jurisdicción como elemento de entrada |
Vancouver, Expedición de, |
| Fecha del congreso o de la firma del tratado |
1791-1795 |
| 9 (RLIN) |
239420 |
| 651 #0 - PUNTO DE ACCESO ADICIONAL DE MATERIA--NOMBRE GEOGRÁFICO |
| Nombre geográfico |
América del Norte |
| Subdivisión de forma |
Mapas |
| Fuente del encabezamiento o término |
embne |
| 9 (RLIN) |
239286 |
| 655 #4 - TERMINO DE INDIZACIÓN--GENERO/FORMA |
| Datos o término principal de género/forma |
Mapas topográficos- |
| Subdivisión cronológica |
S. XVIII |
| 9 (RLIN) |
239293 |
| 700 0# - ENTRADA AGREGADA--NOMBRE PERSONAL |
| Nombre de persona |
Vancouver, George, |
| Fechas asociadas al nombre |
1757-1798 |
| 9 (RLIN) |
113045 |
| 710 ## - ENTRADA AGREGADA--NOMBRE DE ENTIDAD CORPORATIVA |
| Nombre de entidad corporativa o nombre de jurisdicción como elemento de entrada |
Imprimerie de la République (Francia) |
| 9 (RLIN) |
239285 |
| 852 ## - LOCALIZACIÓN |
| Ubicación |
ES-MaACL |
| Ubicación en estantería |
Depósito 2 |
| Signatura antigua |
Olim: B-6988 |
| -- |
Olim: 155-A-2 |
| Número de control de estantería |
GF-116(8) |
| itemnumber |
204452 |
| Encuadernación |
Encuadernado con otros mapas formando un volumnen facticio. |
| 942 ## - ELEMENTOS DE ENTRADA SECUNDARIOS (KOHA) |
| Fuente del sistema de clasificación o colocación |
Clasificación decimal universal |
| Suprimir en OPAC |
No |
| Tipo de ítem Koha |
Mapa |